The Meccan Revelations (Record no. 348247)

000 -LEADER
fixed length control field 00314 a2200133 4500
020 ## - INTERNATIONAL STANDARD BOOK NUMBER
International Standard Book Number 9695191207
090 ## - LOCALLY ASSIGNED LC-TYPE CALL NUMBER (OCLC); LOCAL CALL NUMBER (RLIN)
-- 5850
-- 5850
100 ## - MAIN ENTRY--PERSONAL NAME
Personal name Ibn Arabi
245 ## - TITLE STATEMENT
Title The Meccan Revelations
Remainder of title Part II
260 ## - PUBLICATION, DISTRIBUTION, ETC.
Place of publication, distribution, etc. Lahore
Name of publisher, distributor, etc. Suhail Academy
Date of publication, distribution, etc. 2005
300 ## - PHYSICAL DESCRIPTION
Extent 269 p.
500 ## - GENERAL NOTE
General note Hardcover
942 ## - ADDED ENTRY ELEMENTS (KOHA)
Institution code [OBSOLETE] NBS
Koha item type Book
Call number prefix 297.4 ARA
Holdings
Withdrawn status Lost status Damaged status Not for loan Permanent Location Current Location Date acquired Total Checkouts Full call number Barcode Date last seen Price effective from Koha item type Date last checked out
        Central Library (CL) Central Library (CL) 08/28/2013   297.4 ARA NBSD-1346 10/03/2022 08/28/2013 Book  
        Central Library (CL) Central Library (CL) 08/28/2013 1 297.4 ARA NBSD-1347 10/14/2022 08/28/2013 Book 11/05/2020
© 2023 Central Library, National University of Sciences and Technology. All Rights Reserved.